00559nam a2200181Ia 4500003000500000005001700005008004100022020001800063040000900081082001500090100003400105245003600139260003600175300004800211490001100259504006100270610004600331322820250219093345.0210817s9999 xx 000 0 eng d a9781410919144 c3228 aJ 530 WEIL aWeil ,Ann Chicago, [c.2006]  0aA matter of survival cAnn Weil aChicago : bRaintree,c ©2006. a32 pages : bcolor illustrations ;c 25 cm. 3Fusion aIncludes bibliographical references (page 31) and index. aMatter—Properties—Juvenile literature